A. WESLEY POWELL LEARNING RESOURCE CENTRE (WPLRC)

Wonderful Place to Learn, Research & Collaborate

The Human Side Of Intranets: (Record no. 16306)

MARC details
000 -LEADER
fixed length control field nam a22 7a 4500
001 - ACCESSION NUMBER
control field 00
003 - CONTROL NUMBER IDENTIFIER
control field OSt
005 - DATE AND TIME OF LATEST TRANSACTION
control field 20210506081945.0
007 - PHYSICAL DESCRIPTION FIXED FIELD--GENERAL INFORMATION
fixed length control field 00
008 - FIXED-LENGTH DATA ELEMENTS--GENERAL INFORMATION
fixed length control field 210506b xxu||||| |||| 00| 0 eng d
020 ## - INTERNATIONAL STANDARD BOOK NUMBER
International Standard Book Number 1-57444-175-2
040 ## - CATALOGING SOURCE
Transcribing agency 00
082 ## - DEWEY DECIMAL CLASSIFICATION NUMBER
Classification number R/004.68/HUM
Item number 39024
245 ## - TITLE STATEMENT
Title The Human Side Of Intranets:
Remainder of title Content, Style & Politics/
Statement of responsibility, etc. Koehler, J., Dupper, T., Scaff, M., Reitberger, F. & Paxon, P.
260 ## - PUBLICATION, DISTRIBUTION, ETC. (IMPRINT)
Place of publication, distribution, etc. Florida:
Name of publisher, distributor, etc. CRC Press LLC/
Date of publication, distribution, etc. 1998.
300 ## - PHYSICAL DESCRIPTION
Extent Glossary, Index/
Dimensions 25.3cm.
440 ## - SERIES STATEMENT/ADDED ENTRY--TITLE
Number of part/section of a work 238pg.
942 ## - ADDED ENTRY ELEMENTS (KOHA)
Source of classification or shelving scheme Dewey Decimal Classification
Koha item type Circ Books
Classification part R/004.68/HUM
Item part 39024
Holdings
Withdrawn status Lost status Source of classification or shelving scheme Damaged status Not for loan Home library Current library Date acquired Total Checkouts Full call number Date last seen Price effective from Koha item type
    Dewey Decimal Classification     Wesley Powell Learning Resource Centre Wesley Powell Learning Resource Centre 05/06/2021   R/004.68/HUM 05/06/2021 05/06/2021 Circ Books